Propuesta de modificación al Reglamento a la Ley 7600 de Costa Rica
Сохранить в:
| Главный автор: | |
|---|---|
| Формат: | |
| Опубликовано: |
[San José, Costa Rica]
2008
|
| Предметы: | |
| Метки: |
Добавить метку
Нет меток, Требуется 1-ая метка записи!
|
MARC
| LEADER | 00000nam a2200000Ia 4500 | ||
|---|---|---|---|
| 003 | 001119 | ||
| 005 | 20221231144100.0 | ||
| 008 | 140114s2008 cr a 000 ||s d | ||
| 040 | |c cru CEDI | ||
| 090 | |a TFG 5644 | ||
| 100 | |a Castro Morales, Edward Jesús |9 4367 | ||
| 245 | |a Propuesta de modificación al Reglamento a la Ley 7600 de Costa Rica | ||
| 260 | |c 2008 |b [San José, Costa Rica] | ||
| 300 | |a xiv, 223, [24] hojas; ilustraciones (algunas a color) | ||
| 500 | |a Tesis (licenciatura en ingeniería civil)--Universidad de Costa Rica. Facultad de Ingeniería. Escuela de Ingeniería Civil | ||
| 650 | |x ARQUITECTURA Y PERSONAS CON DISCAPACIDADES |x ASPECTOS LEGALES |x ARQUITECTURA |x LEGISLACION |9 4368 | ||
| 942 | |c TFG | ||
| 999 | |c 16617 |d 16617 | ||
